MARC

LEADER 00000naa2a2200000 4500
001 633907
005 20240111091229.0
035 |a (RuTPU)RU\TPU\conf\35657 
035 |a RU\TPU\conf\35656 
090 |a 633907 
100 |a 20211203a2021 k y0rusy50 ca 
101 0 |a rus 
102 |a RU 
105 |a y z 100zy 
135 |a drcn ---uucaa 
181 0 |a i  
182 0 |a b 
200 1 |a Использование Raspberry Pi в качестве ПЛК на примере контроллера для термостата  |f А. С. Каракулов, В. С. Федоринов 
203 |a Текст  |c электронный 
225 1 |a Электромеханика и мехатроника 
300 |a Заглавие с экрана 
320 |a [Библиогр.: с. 62 (1 назв.)] 
463 0 |0 (RuTPU)RU\TPU\conf\35640  |t Современные проблемы машиностроения  |o сборник трудов XIV Международной научно-технической конференции, г. Томск, 25-30 октября 2021 г.  |f Национальный исследовательский Томский политехнический университет (ТПУ) ; под ред. Е. Н. Пашкова  |v [С. 61-62]  |d 2021 
610 1 |a электронный ресурс 
610 1 |a труды учёных ТПУ 
610 1 |a Raspberry Pi 
610 1 |a контроллеры 
610 1 |a термостаты 
610 1 |a программируемые логические контроллеры 
610 1 |a ПЛК 
610 1 |a автоматическое управление 
610 1 |a АСУ ТП 
610 1 |a САУ 
610 1 |a одноплатные компьютеры 
700 1 |a Каракулов  |b А. С.  |c специалист в области электротехники  |c доцент Томского политехнического университета, кандидат технических наук  |f 1975-  |g Александр Сергеевич  |3 (RuTPU)RU\TPU\pers\27104  |9 12654 
701 1 |a Федоринов  |b В. С. 
712 0 2 |a Национальный исследовательский Томский политехнический университет  |b Инженерная школа энергетики  |b Отделение электроэнергетики и электротехники  |3 (RuTPU)RU\TPU\col\23505 
801 2 |a RU  |b 63413507  |c 20211210  |g RCR 
856 4 |u http://earchive.tpu.ru/handle/11683/69124 
942 |c BK